[Event "Santo Tome op 6th"]
[Site "Santo Tome"]
[Date "2024.03.17"]
[Round "4"]
[White "Rios, Emiliano"]
[Black "Amadei, Santiago David"]
[Result "1-0"]
[WhiteElo "1953"]
[BlackElo "1865"]
[PlyCount "61"]
[EventDate "2024.03.16"]
[EventType "swiss"]
[EventRounds "6"]
[EventCountry "ARG"]
[SourceTitle "EXT 2025"]
[Source "ChessBase"]
[SourceDate "2024.10.14"]
[SourceVersion "1"]
[SourceVersionDate "2024.10.14"]
[SourceQuality "1"]

1. e4 c5 2. Nf3 Nc6 3. d4 cxd4 4. Nxd4 Nf6 5. Nc3 e5 6. Ndb5 d6 7. Bg5 a6 8. Na3 b5 9. Nd5 Be7 10. Bxf6 Bxf6 11. c3 Ne7 12. Be2 Nxd5 13. Qxd5 Ra7 14. 0-0 0-0 15. Nc2 Be6 16. Qd3 d5 17. Nb4 dxe4 18. Qxe4 Qa8 19. Qe3 Rc7 20. Bf3 Qc8 21. Qb6 Bc4 22. Rfd1 Re8 23. Qxa6 Qf5 24. Nd5 Rcc8 25. Ne3 Qg6 26. Nxc4 bxc4 27. Bd5 Rb8 28. Bxc4 Rxb2 29. Rd7 Rb1+ 30. Rxb1 Qxb1+ 31. Bf1 1-0

[Event "Santo Tome op 6th"]
[Site "Santo Tome"]
[Date "2024.03.16"]
[Round "2"]
[White "Diaz Castro, Luis Enrique"]
[Black "Amadei, Santiago David"]
[Result "0-1"]
[WhiteElo "1674"]
[BlackElo "1865"]
[PlyCount "72"]
[EventDate "2024.03.16"]
[EventType "swiss"]
[EventRounds "6"]
[EventCountry "ARG"]
[SourceTitle "EXT 2025"]
[Source "ChessBase"]
[SourceDate "2024.10.14"]
[SourceVersion "1"]
[SourceVersionDate "2024.10.14"]
[SourceQuality "1"]

1. d4 Nf6 2. Bg5 g6 3. Bxf6 exf6 4. g3 Bg7 5. Bg2 f5 6. e3 0-0 7. Ne2 c6 8. c4 d6 9. Nd2 Na6 10. a3 Nc7 11. Qb3 Rb8 12. 0-0 Be6 13. Rfc1 d5 14. c5 Ne8 15. Qa4 a6 16. Nb3 Nf6 17. Qa5 Qe7 18. Nc3 Ne4 19. Na4 h5 20. Qe1 Bh6 21. Na5 g5 22. Rc2 g4 23. f3 gxf3 24. Bxf3 Qg5 25. Re2 h4 26. g4 h3 27. Kh1 fxg4 28. Bxe4 dxe4 29. Qg3 f5 30. Qd6 Bd5 31. Nc3 Rbd8 32. Qe5 Bg7 33. Qf4 Qxf4 34. exf4 Bxd4 35. Nxd5 Rxd5 36. b4 Bxa1 0-1